| 000 | 00602nam a2200157 4500 | ||
|---|---|---|---|
| 999 |
_c12575 _d12575 |
||
| 008 | 240224b ||||| |||| 00| 0 eng d | ||
| 040 | _aBMS College of Architecture | ||
| 100 | _aNiharika KC | ||
| 245 | _aThe Ethereal Alchemy, A Fragrant Tapestry Crafting Connections Through Scent, Skill, and Collaboration in Perfume Paradise, Kannauj. | ||
| 300 | _a40p. | ||
| 500 | _a1CF19AT044 | ||
| 502 |
_8B,Arch _NBMS College of Architecture, Visvesvaraya Technological University (VTU) _aProject report _d2023 |
||
| 700 |
_aMukesh G Kotak _eGuide |
||
| 710 |
_aAnn Innocent Joseph _aGuide |
||
| 942 |
_2ddc _cTHE |
||